000 00245nam a2200097Ia 4500
001 653942
005 20250826154508.0
008 250824s9999 xx 000 0 und d
245 0 _aSEBE KRALİÇESİ BELKIS
_cNURDAN DAMLA
260 _bHAYAT YAYINLARI
999 _c653942
_d653942